| 000 | 01765naa a2200289 4500 | ||
|---|---|---|---|
| 005 | 20110725141217.0 | ||
| 010 | _aB-441394-399 | ||
| 020 |
_a9788171679584 _c95.00 |
||
| 035 | _aB-441394-399 | ||
| 037 | _bRupa | ||
| 037 | _bAllied Pub/Ven | ||
| 082 | _a921 | ||
| 100 |
_aMajumdar, Gopa _931427 |
||
| 245 | 1 |
_aSatyajit Ray: _cby Goap Majumdar _bcreating classics / |
|
| 260 |
_aNew Delhi _bRupa _c2003 |
||
| 270 |
_bNew Delhi _a7/16, Ansari Raod, Daryaganj, _e110002 |
||
| 300 |
_a72p. _c16cm(Hb) _bb&w photos |
||
| 490 |
_aRupa charitavali series _931428 |
||
| 942 |
_adpl _cEN _2ddc _mMAJ _h921 |
||
| 999 |
_c54317 _d54317 |
||